Normal view
MARC view
- Muhammad Abid Ali
Entry Personal Name
001 - CONTROL NUMBER
- control field: 106691
003 - CONTROL NUMBER IDENTIFIER
- control field: NUST
005 - DATE AND TIME OF LATEST TRANSACTION
- control field: 20230103094322.0
008 - FIXED-LENGTH DATA ELEMENTS
- fixed length control field: 230103|| aca||aabn | a|a d
040 ## - CATALOGING SOURCE
- Original cataloging agency: NUST
- Transcribing agency: NUST
100 ## - HEADING--PERSONAL NAME
- Personal name: Muhammad Abid Ali
670 ## - SOURCE DATA FOUND
- Source citation: Work cat.: (NUST): Muhammad Abid Ali., Design and Development of Electric Ducted Fan for Small UAVs /, 2022.
